[Event "Bialystok Zamenhof Memorial 35th"]
[Site "Bialystok"]
[Date "2016.12.31"]
[Round "9"]
[White "Karwowski, Kacper"]
[Black "Olhovik, Andrei"]
[Result "1/2-1/2"]
[WhiteElo "2201"]
[BlackElo "2297"]
[PlyCount "31"]
[EventDate "2016.12.27"]
[EventType "swiss (rapid)"]
[EventRounds "9"]
[EventCountry "POL"]
[SourceTitle "CBM 176 Extra"]
[Source "ChessBase"]
[SourceDate "2017.03.02"]
[SourceVersion "1"]
[SourceVersionDate "2017.03.02"]
[SourceQuality "1"]

1. e4 c5 2. Nf3 Nc6 3. d4 cxd4 4. Nxd4 g6 5. Be2 Bg7 6. Nb3 Nf6 7. Nc3 0-0 8. 0-0 a5 9. a4 d6 10. Bg5 Be6 11. Kh1 Bxb3 12. cxb3 Nd7 13. f4 Nc5 14. Bd3 Nxd3 15. Qxd3 Nb4 16. Qd2 1/2-1/2

[Event "Bialystok Zamenhof Memorial 35th"]
[Site "Bialystok"]
[Date "2016.12.29"]
[Round "6"]
[White "Olhovik, Andrei"]
[Black "Ocytko, Andrzej"]
[Result "1-0"]
[WhiteElo "2297"]
[BlackElo "2110"]
[PlyCount "91"]
[EventDate "2016.12.27"]
[EventType "swiss (rapid)"]
[EventRounds "9"]
[EventCountry "POL"]
[SourceTitle "CBM 176 Extra"]
[Source "ChessBase"]
[SourceDate "2017.03.02"]
[SourceVersion "1"]
[SourceVersionDate "2017.03.02"]
[SourceQuality "1"]

1. d4 Nf6 2. Nf3 e6 3. Nbd2 d5 4. e3 c5 5. c3 Nc6 6. Bd3 Bd6 7. 0-0 0-0 8. e4 cxd4 9. cxd4 dxe4 10. Nxe4 Be7 11. Be3 Nb4 12. Bb1 b6 13. a3 Nbd5 14. Qd3 a5 15. Re1 Ba6 16. Nxf6+ Nxf6 17. Qd2 Bb7 18. Ne5 Rc8 19. f3 Bd5 20. Bd3 Qc7 21. Rac1 Qb7 22. Bb5 Rxc1 23. Rxc1 Rc8 24. Bg5 h6 25. Bh4 g5 26. Bf2 Bf8 27. h4 Nh7 28. hxg5 hxg5 29. Be3 f6 30. Ng4 Bd6 31. Bd3 Be7 32. Kf2 Rxc1 33. Qxc1 f5 34. Ne5 f4 35. Bd2 Bf6 36. Qh1 Qg7 37. Qh5 Nf8 38. Bc3 Qc7 39. Ng4 Bd8 40. Qe8 Qe7 41. Qh5 Qc7 42. Ne5 Qg7 43. g3 Bf6 44. gxf4 gxf4 45. Kf1 Qg3 46. Qf7+ 1-0